| 000 | 00955nas a2200313 a 4500 | ||
|---|---|---|---|
| 001 | 000108342 | ||
| 003 | DLC | ||
| 005 | 20220329144009.0 | ||
| 008 | 140130c19849999ne r1p|r 0 0eng d | ||
| 010 | _a104804 | ||
| 011 | _a105776 | ||
| 022 | _a0168-1923 | ||
| 210 | 1 | _aAgric. for. meteorol | |
| 245 | 0 | 0 | _aagricultural and forest meteorology. |
| 260 |
_aAmsterdam : _bElsevier Science Publishers, _c1984. |
||
| 300 | _av. | ||
| 310 | _aMensual | ||
| 362 | 1 | _av.149n. 12 2009 | |
| 500 | _aInicia en (año)con el vol. #, no. # | ||
| 530 | _aA partir del v.&& n.&,&&& disponible en línea | ||
| 590 |
_aE5765TAJ _b10 _c20140130 _lUCH01 _h0948 |
||
| 650 | 1 | 4 |
_aCultivos y clima. _930392 |
| 650 | 1 | 4 |
_aMeteorología agrícola. _975217 |
| 650 | 1 | 4 |
_aMeteorología forestal. _975222 |
| 780 | 0 | 0 |
_tAgricultural meteorology _x0002-1571 |
| 856 | 4 | 0 |
_3http://www.sciencedirect.com/science/journal/01681923 _zTeclea aqui |
| 901 | _aSE | ||
| 942 | _n0 | ||
| 999 |
_c104804 _d104804 |
||